000 00679nam a22001337a 4500
040 _cRUA
082 _aAGR SOR 2005 B031 Or.1
100 _aSORN, DIM.
245 _aEvaluation on multi purpose farm of farmer in kompong trobek district prey veng province ការសិក្សាវាយតំលៃទៅលើកសិដ្ឋានពហុប្រយោជន៍របស់កសិករ​នោស្រុកកំពង់ត្របែក ខេត្តព្រៃវែង
260 _aPhnom Penh
_bRUA
_c2005
300 _axii; 52p.
_bill.
_c29cm.
856 _uhttps://drive.google.com/file/d/1GF9TNjrvYW3CpoUjqdtVE0cD6TcLxacu/view?usp=sharing
942 _cAGR
999 _c720
_d720